Actas del V Congreso Internacional de Estudios Lingüísticos del Mediterráneo / (Record no. 46677)

MARC details
000 -LEADER
campo de control de longitud fija 00742nam a2200181 i 4500
001 - NÚMERO DE CONTROL
campo de control 46677
003 - IDENTIFICADOR DE NÚMERO DE CONTROL
campo de control ES-MaACL
005 - FECHA Y HORA DE LA ÚLTIMA TRANSACCIÓN
campo de control 20240521124634.0
007 - CAMPO FIJO DE DESCRIPCIÓN FÍSICA--INFORMACIÓN GENERAL
campo de control de longitud fija t|
008 - DATOS DE LONGITUD FIJA--INFORMACIÓN GENERAL
campo de control de longitud fija 030331s1977 sp ||||1| spa d
111 2# - ENTRADA PRINCIPAL--NOMBRE DE CONGRESO/REUNIÓN
Nombre de congreso/reunión o jurisdicción como elemento de entrada Congreso Internacional de Estudios Lingüísticos del Mediterráneo (
Número del congreso/reunión o número de parte o sección 5º.
Fecha del congreso o de la firma del tratado 1973.
Sede del congreso/Lugar de la reunión Málaga)
9 (RLIN) 426
245 10 - MENCIÓN DEL TÍTULO
Título Actas del V Congreso Internacional de Estudios Lingüísticos del Mediterráneo /
Mención de responsabilidad, etc. editadas por Manuel Alvar.
260 ## - PUBLICACIÓN, DISTRIBUCIÓN, ETC.
Lugar de publicación, distribución, etc. [Madrid] :
Nombre del editor, distribuidor, etc. Consejo Superior de Investigaciones Científicas, Departamento de Geografía Lingúística,
Fecha de publicación, distribución, etc. [1977]
300 ## - DESCRIPCIÓN FÍSICA
Extensión 642 p., 8 lám. ;
Dimensiones 24 cm.
700 1# - ENTRADA AGREGADA--NOMBRE PERSONAL
Nombre de persona Alvar, Manuel,
Fechas asociadas al nombre 1923-2001
9 (RLIN) 20583
852 ## - LOCALIZACIÓN
Ubicación ES-MaACL
Número de control de estantería A-7319
Sublocalización o colección R.96239
Holdings
Estatus retirado Estado de pérdida Estado de daño No para préstamo Biblioteca de origen Biblioteca actual Ubicación en estantería Fecha de adquisición Fuente de adquisición Total de préstamos Signatura topográfica completa Código de barras Visto por última vez Precio de reemplazo Tipo de ítem Koha
        Biblioteca del Ateneo de Madrid Biblioteca del Ateneo de Madrid Sala Pecera Planta 1 17/01/2008     A-7319 1049094 23/02/2023 23/02/2023 Libro impreso